| 000 | 00574nam a2200181 i 4500 | ||
|---|---|---|---|
| 001 | 96903 | ||
| 003 | ES-MaACL | ||
| 005 | 20230906182010.0 | ||
| 007 | t| | ||
| 008 | 050704s1961 sp ||||1| spa d | ||
| 100 | 1 |
_aMandoli Giro, José María. _975960 |
|
| 245 | 1 | 0 |
_aTesis y comentarios de Derecho Público / _cJosé María Mandoli Giro. |
| 260 |
_aBarcelona : _bCentro de Administración Municipal, _c1961. |
||
| 300 |
_a120 p. ; _c22 cm. |
||
| 505 | 8 | _aTesis | |
| 710 | 2 |
_aCentro de Administración Municipal (Barcelona) _92587 |
|
| 852 |
_aES-MaACL _jC-20468 _bR.48117 |
||
| 999 |
_c96903 _d96903 |
||